000 01344cam a2200325 a 4500
001 4963204
003 ARRUPE
005 20150716170856.0
008 970715s1998 ilua b 001 0 eng
010 _a 97028762
020 _a0226470121 (cloth : alk. paper)
020 _a0226470148 (pbk. : alk. paper)
040 _aDLC
_cDLC
_dDLC
050 0 0 _aQ175.5
_b.S3645 1998
082 0 0 _a303.48/3
_221
245 0 0 _aScience incarnate :
_bhistorical embodiments of natural knowledge /
_cedited by Christopher Lawrence and Steven Shapin.
260 _aChicago, Ill. :
_bThe University of Chicago Press,
_c1998.
300 _avii, 342 p. :
_bill. ;
_c24 cm.
504 _aIncludes bibliographical references and index.
650 0 _aScience
_xSocial aspects.
_99989
650 0 _aScience
_xPhilosophy.
_918338
650 0 _aMind and body.
_914387
700 1 _aLawrence, Christopher,
_d1947-
_918339
700 1 _aShapin, Steven.
_918262
856 4 2 _3Publisher description
_uhttp://www.loc.gov/catdir/description/uchi052/97028762.html
856 4 1 _3Table of contents
_uhttp://www.loc.gov/catdir/toc/uchi052/97028762.html
906 _a7
_bcbc
_corignew
_d1
_eocip
_f19
_gy-gencatlg
942 _2lcc
_cMONOGRAPH
999 _c122982
_d122982